00715nam a2200229 a 4500001001300000003000900013005001700022008004100039020002300080082001600103100001800119245007000137260004000207300000900247500003500256505001000291650002300301902000800324942000700332952012900339999001700468nice12345678IN_TiNIC20260116014433.0050524s2004 dela grp 000 0 eng  a8187358 c69500a297.1bAHM4 aAhmed, Imtiaz aLived Islam in South Asia, Adaptation, Accommodation and Conflict aDelhi bSocial Science Press c2004 a308p aincludes index and biblioraphy2 aIndex aIslam-20th Century bSRS cBK 001040708StackRoom-aHMIbHMId2010-09-06g695.00l1o297.1 AHM4p020729r2019-08-07s2019-08-02v695.00w2005-05-24yBK c15304d15304